| 000 | 00446nam a2200169Ia 4500 | ||
|---|---|---|---|
| 008 | 230524s9999 xx 000 0 und d | ||
| 082 |
_a510 _bAEK |
||
| 100 | _aM.Acharya | ||
| 245 | 0 | _aEngineering Mathemathics Part-III -3rd Sem(Solved Problems) | |
| 250 | _aIST | ||
| 260 |
_aBHUBANESWAR _bAlok Publication _c2006 |
||
| 300 | _aIV;356 | ||
| 500 | _aQuantity Number: 1 | ||
| 650 | _aMathematics | ||
| 700 |
_a S.Mishra _925504 |
||
| 942 | _cBK | ||
| 999 |
_c37542 _d37542 |
||